000 00393nam a2200145Ia 4500
008 230917s9999||||xx |||||||||||||| ||und||
040 _e59073
_aMAIN
041 _aEnglish
082 _a294.594 C674D
100 _aColebrooke, H T
245 0 _aDaya-bhagya and mitaksara two treatise on the Hindu law of inheritance
260 _aDelhi
_bParimal
_c1984
300 _axvi, 377 p.
942 _cBK
999 _c46297
_d46297